| 000 | 00976nam0a22002771 4500 | ||
|---|---|---|---|
| 001 | rc\459477 | ||
| 005 | 20250621093041.0 | ||
| 010 |
_a0-13-936716-0 _93760 |
||
| 035 | _a(NLR Aleph) 005704007 | ||
| 090 |
_a7307584 _c7307585 |
||
| 100 | _a20030616d1988 |||y0rusy50 ca | ||
| 101 | 0 | _arus | |
| 102 | _aRU | ||
| 105 | _aa ||||||||| | ||
| 200 | 1 |
_aАнализ гидроакустических систем _fПеревод с англ. Н.М. Гусева и др. |
|
| 210 |
_aЛ. _cСудостроение _d1988 |
||
| 215 |
_a391, [1] с. _cил. _d22 |
||
| 225 | 1 | _aБиблиотека инженера-гидроакустика | |
| 300 | _aПеревод изд.: Underwater acoustic system analysis / William S. Burdic (Prentice-hall) | ||
| 320 | _aБиблиогр. в конце глав | ||
| 700 | 1 |
_aБурдик _bВ.С. _gВильям С. |
|
| 801 | 0 |
_aRU _bNLR _gpsbo |
|
| 801 | 1 |
_aRU _bELAR _2rusmarc |
|
| 852 |
_aNLR _j88-5/5108 |
||
| 942 | _cBOOK | ||
| 980 | _aNB | ||